Statystyki dla Legendy argentyńskiej piłki nożnej

Kliknij tutaj aby rozwiązać quiz!

Ogólne statystyki

  • Ten quiz został rozwiązany 615 razy
  • Średni wynik to 10 z 48

Statystyki odpowiedzi

PozycjaImię i nazwisko% Poprawnych
NapastnikLionel Messi
96%
Pomocnik/ napastnikDiego Armando Maradona
94%
NapastnikSergio Aguero
73%
ObrońcaJavier Zanetti
59%
PomocnikAngel Di Maria
56%
NapastnikGonzalo Higuain
54%
NapastnikHernan Crespo
54%
Obrońca/ pomocnikJavier Mascherano
53%
PomocnikJuan Sebastian Veron
53%
BramkarzSergio Romero
49%
ObrońcaNicolas Otamendi
32%
NapastnikCarlos Tevez
30%
NapastnikGabriel Batistuta
26%
PomocnikJuan Román Riquelme
25%
ObrońcaMarcos Rojo
20%
PomocnikEsteban Cambiasso
17%
NapastnikAlfredo Di Stefano
16%
NapastnikDiego Milito
16%
NapastnikMario Kempes
15%
PomocnikLucas Biglia
12%
ObrońcaMartin Demichelis
12%
ObrońcaGabriel Heinze
11%
ObrońcaRoberto Ayala
11%
PomocnikDiego Simeone
10%
NapastnikJavier Saviola
10%
ObrońcaWalter Samuel
10%
NapastnikClaudio Lopez
6%
PomocnikPablo Aimar
6%
ObrońcaDaniel Passarella
5%
ObrońcaJuan Pablo Sorin
5%
PomocnikAriel Ortega
4%
NapastnikClaudio Caniggia
3%
NapastnikJorge Valdano
3%
BramkarzUbaldo Fillol
3%
NapastnikGuillermo Stabile
2%
NapastnikOmar Sivori
2%
ObrońcaOscar Ruggeri
2%
NapastnikAngel Labruna
1%
PomocnikFernando Redondo
1%
NapastnikJose Manuel Moreno
1%
NapastnikJose Sanfilippo
1%
NapastnikLeopoldo Luque
1%
NapastnikLuis Artime
1%
BramkarzSergio Goycochea
1%
BramkarzHugo Orlando Gatti
0%
PomocnikRicardo Bochini
0%
ObrońcaRoberto Perfumo
0%
ObrońcaSilvio Marzolini
0%

Rozkład punktacji

Percentyl według liczby udzielonych odpowiedzi

Procent ludzi z każdym wynikiem

Twoja historia wyników

Nie rozwiązałeś tego quizu